00623nam a2200217Ia 4500008004100000020001500041040001800056041000800074100003400082245006100116250001200177260005000189300001800239490001900257504002700276650002000303650002300323650002200346700002500368765001200393130821s2000 sp gr spa  a8472230872 aCo-BoUCMbspa00aspa1 aGombrowicz, Witoldd1904-196910aBakakaicWitold Gombrowicz ;traducción de Sergio Pitol a2a. ed. aBarcelona (España)bTusquets Editoresc2000 a212 páginas aMarginalesv87 aIncluye bibliografía04aCuentos polacos04aLiteratura europea04aLiteratura polaca1 aPitol, Sergioetrad. aBakakai